000 00337nam a22001337a 4500
020 _qHB.
040 _cFIZZA ISHAQ
082 _a624.15
_bANB
100 _aHAUNG,BIN AN.
_991204
245 _aFOUNDATION ENGINEERING ANALYSIS DESIGN /
_cAN BIN HAUNG.
260 _aNEW YORK ;
_bCRC PRESS,
_c2018.
300 _a601 P. ;
942 _2ddc
_cBK
999 _c589367
_d589367